书目信息 |
| 题名: |
大企业集团论
|
|
| 作者: | 龚建华 著 | |
| 分册: | ||
| 出版信息: | 广州 广东经济出版社 1996.09 |
|
| 页数: | 441页 | |
| 开本: | 19cm | |
| 丛书名: | ||
| 单 册: | ||
| 中图分类: | F273.7 | |
| 科图分类: | ||
| 主题词: | 企业经济 | |
| 电子资源: | ||
| ISBN: | 7-80632-034-2 | |
| 000 | 00558nam0 2200193 450 | |
| 001 | 0736475691 | |
| 005 | 20071215100911.73 | |
| 010 | @a7-80632-034-2@dCNY30.00 | |
| 100 | @a20071215d1996 km y0chiy0120 ea | |
| 101 | 0 | @achi |
| 200 | 1 | @a大企业集团论@Ada qi ye ji tuan lun@f龚建华著@Fgong jian hua zhu |
| 210 | @a广州@c广东经济出版社@d1996.09 | |
| 215 | @a441页@d19cm | |
| 606 | 0 | @a企业经济 |
| 690 | @aF273.7@v4 | |
| 701 | 0 | @a龚建华@Agong jian hua@4著 |
| 801 | 0 | @aCN@b大连网信软件有限公司图书馆@c20071215 |
| 905 | @aBZT@dF273.7@e1 | |
| 906 | @dCNY30.00@n0@r1 | |
| 大企业集团论/龚建华著.-广州:广东经济出版社,1996.09 |
| 441页;19cm |
| ISBN 7-80632-034-2:CNY30.00 |
| ● |
| 相关链接 |
|
|
|
正题名:大企业集团论
索取号:F273.7/1
 
预约/预借
| 序号 | 登录号 | 条形码 | 馆藏地/架位号 | 状态 | 备注 |
| 1 | 603530 | 2000603530 | 中心书库北库/ 北库013架A面5列2层21/ [索取号:F273.7/1] | 在馆 | |
| 2 | 603531 | 2000603531 | 中心书库北库/ 北库013架A面5列2层22/ [索取号:F273.7/1] | 在馆 | |
| 3 | 603532 | 2000603532 | 中心书库北库/ 北库013架A面5列2层23/ [索取号:F273.7/1] | 在馆 | |
| 4 | 603533 | 2000603533 | 中心书库北库/ 北库013架A面5列2层24/ [索取号:F273.7/1] | 在馆 | |
| 5 | 603534 | 2000603534 | 中心书库北库/ 北库013架A面5列2层25/ [索取号:F273.7/1] | 在馆 |